Normal view
MARC view
Entry Topical Term
001 - CONTROL NUMBER
- control field: 22014
003 - CONTROL NUMBER IDENTIFIER
- control field: OSt
005 - DATE AND TIME OF LATEST TRANSACTION
- control field: 20210209154728.0
008 - FIXED-LENGTH DATA ELEMENTS
- fixed length control field: 210209|| aca||aabn | a|a d
040 ## - CATALOGING SOURCE
- Original cataloging agency: OSt
- Transcribing agency: OSt
150 ## - HEADING--TOPICAL TERM
- Topical term or geographic name entry element: Consumer law, COVID-19, Moratoria, Refunds, Guiding principles
670 ## - SOURCE DATA FOUND
- Source citation: Work cat.: (OSt): COVID-19- Consumer Law Research Group 22013, Consumer law and policy relating to change of circumstances due to the COVID-19 pandemic
